000 00697nam a2200241 i 4500
001 7114
003 ES-MaACL
005 20230906145150.0
007 t|
008 900820s1969 fr ||||1| fre d
020 _a2-02-002735-6
080 _a165
100 1 _aRicoeur, Paul.
_997042
245 1 3 _aLe Conflit des interpretations
_b: essais d'hermeneutique /
_cPaul Ricoeur.
260 _aParis :
_bSeuil,
_ccop. 1969.
300 _a500 p. ;
_c21 cm.
490 1 _aL'ordre philosophique
504 _aBibliogr.: p. 493-500.
650 4 _aHermenéutica.
_913329
830 0 _aL'ordre philosophique
_9177512
852 _aES-MaACL
_jL-14335
_bR.113384
_z. - rust.
999 _c7114
_d7114